00000000nam 2200000zi 4500
0019.947169
003CaOODSP
00520250121091805
006m     o  d f      
007cr bn|||||||||
008250121s2000    onc     ofu  f000 0 fre d
020 |z0660962942
040 |aCaOODSP|bfre|erda|cCaOODSP
043 |an-cn---
0861 |aNR36-1/1995-9F-PDF|zNR36-1/1995-9F
24500|aGuide de l'utilisateur - CNB 1995 : |bapplication de la partie 9 aux bâtiments existants / |cpublié par la Commission canadienne des codes du bâtiment et de prévention des incendies.
24613|aGuide de l'utilisateur - Code national du bâtiment - Canada, 1995 : |bapplication de la partie 9 aux bâtiments existants
250 |aPremière édition, première impression.
264 1|aOttawa : |bConseil national de recherches du Canada, |c2000.
300 |a1 ressource en ligne (1 volume (pagination multiple))
336 |atexte|btxt|2rdacontent/fre
337 |ainformatique|bc|2rdamedia/fre
338 |aressource en ligne|bcr|2rdacarrier/fre
500 |aTitre de la couverture.
500 |aLe numéro de catalogue (NR36-1/1995-9F) et l'ISBN (0660962942) de l'édition imprimée ont été copiés dans l'édition électronique.
500 |aPublié aussi en anglais sous le titre : User's Guide - NBC 1995 : application of Part 9 to existing buildings.
520 |a« La présente publication comprend une introduction, deux chapitres et une annexe. L'introduction décrit les défis fondamentaux que pose l'application de la partie 9 du CNB aux bâtiments existants et résume le contenu des chapitres et de l'annexe » -- Page vi.
650 6|aConstruction|xDroit|zCanada|vCodes.
650 6|aConstructions|xNormes|zCanada.
650 6|aConstructions|xRéfection|zCanada|vGuides, manuels, etc.
655 7|aGuides et manuels|2rvmgf
7102 |aCommission canadienne des codes du bâtiment et de prévention des incendies, |eorganisme de publication.
77508|tUser's Guide - NBC 1995 : |w(CaOODSP)9.947168
85640|qPDF|s0.97 Mo|uhttps://publications.gc.ca/collections/collection_2025/cnrc-nrc/NR36-1-1995-9-fra.pdf
986 |a43963F